000 00493nam a2200205 a 4500
001 1128
003 CO-ViMGA
008 141112s2004 ck r 000 u spa d
040 _aCO-ViMGA
_bspa
_cCO-ViMGA
082 0 4 _a301 F738
100 1 _aFreud, Sigmund
245 1 0 _aTótem y zabú
260 _aMadrid :
_bAlianza,
_c1996
300 _a225 p
490 _aEl libro de bolsillo, 41
650 1 4 _aANTROPOLOGIA
650 1 4 _aTABU
_949216
650 1 4 _aTOTEMISMO
_949217
942 _2ddc
_cBK
999 _c13351
_d13351